Modern digital and analog communication systems /

Opis bibliograficzny
1. autor: Lathi, B. P. (Bhagwandas Pannalal)
Format: Książka
Język:English
Wydane: New York : Oxford University Press, 1998.
Wydanie:Third edition.
Seria:The Oxford series in electrical and computer engineering.
Hasła przedmiotowe:
Classic Catalogue: View this record in Classic Catalogue
LEADER 02858nam a2200385 a 4500
001 0017290
003 BD-DhAAL
008 090504s1998 nyua b 001 0 eng d
010 |a \\\97016040  
020 |a 0195110099 (cloth) 
020 |a 0195686225  
020 |a 9870195686227  
040 |a DLC  |c DLC  |d DLC  |d BD-DhAAL 
082 0 0 |a 621.382  |2 21 
100 1 |a Lathi, B. P.  |q (Bhagwandas Pannalal)  |9 41727 
245 1 0 |a Modern digital and analog communication systems /  |c B.P. Lathi. 
250 |a Third edition. 
260 |a New York :  |b Oxford University Press,  |c 1998. 
300 |a xiii, 781 p.ages :  |b illustrations ;  |c 25 cm 
490 4 |a The Oxford series in electrical and computer engineering. 
504 |a Includes bibliographical references. 
526 |a CSE  |x Sonia Ahsan Faculty Member of BRAC University Course No. : ECE 310 
541 1 |e 0017290  |a A H Development Publishing House 
650 0 |a Telecommunication systems.  |9 41728 
650 0 |a Digital communications.  |9 41729 
650 0 |a Statistical communication theory.  |9 41730 
852 4 |a Ayesha Abed Library  |c General Stacks 
942 0 0 |0 5  |2 ddc  |c BK 
999 |c 352  |d 352 
952 |0 0  |1 1  |2 ddc  |4 0  |6 621_382000000000000_LAT  |7 0  |9 318  |a BRACUL  |b BRACUL  |d 2009-05-04  |e A H Development Publishing House  |g 700.00  |l 0  |o 621.382 LAT  |p 3010017290  |r 2009-05-04  |t 1  |v 1400.00  |w 2009-05-04  |y BK  |x Requisitioned by Sonia Ahsan (Faculty Member of BRAC University) for the course no. : ECE 310. 
952 |0 0  |1 0  |2 ddc  |4 1  |6 621_382000000000000_LAT  |7 0  |9 8751  |a BRACUL  |b BRACUL  |c SPS  |d 2010-03-23  |e A H Development Publishing House  |l 37  |m 317  |o 621.382 LAT  |p 3010017294  |r 2025-11-19  |s 2025-11-04  |t 5  |w 2010-03-23  |y BK  |x Photocopy Book. Declared as Damaged on December 10, 2023 ; Requisitioned by Sonia Ahsan (Faculty Member of BRAC University) for the course no. : ECE 310. 
952 |0 0  |1 0  |2 ddc  |4 0  |6 621_382000000000000_LAT_1998  |7 0  |9 8830  |a BRACUL  |b BRACUL  |c GEN  |d 2010-03-28  |e A H Development Publishing House  |l 34  |m 283  |o 621.382 LAT  |p 3010017293  |r 2026-05-17  |s 2026-02-02  |t 4  |w 2010-03-28  |y BK  |x Requisitioned by Sonia Ahsan (Faculty Member of BRAC University) for the course no. : ECE 310. 
952 |0 0  |1 0  |2 ddc  |4 0  |6 621_382000000000000_LAT_1998  |7 0  |9 8984  |a BRACUL  |b BRACUL  |c GEN  |d 2010-04-05  |e A H Development Publishing House  |l 35  |m 315  |o 621.382 LAT  |p 3010017291  |r 2025-11-05  |s 2025-11-04  |t 2  |w 2010-04-05  |y BK  |x Requisitioned by Sonia Ahsan (Faculty Member of BRAC University) for the course no. : ECE 310. 
952 |0 0  |1 0  |2 ddc  |4 0  |6 621_382000000000000_LAT_1998  |7 0  |9 9129  |a BRACUL  |b BRACUL  |c GEN  |d 2010-04-08  |e A H Development Publishing House  |l 34  |m 291  |o 621.382 LAT  |p 3010017292  |r 2026-02-08  |s 2025-11-19  |t 3  |w 2010-04-08  |y BK  |x Requisitioned by Sonia Ahsan (Faculty Member of BRAC University) for the course no. : ECE 310. 
952 |0 0  |1 4  |2 ddc  |4 0  |6 621_382000000000000  |7 0  |9 70726  |a BRACUL  |b BRACUL  |d 2022-05-26  |l 0  |o 621.382  |p 301009840514721  |r 2022-05-26  |w 2022-05-26  |y BK